000 00581nam a2200205Ia 4500
005 20250923145341.0
008 008 250917s9999 xx 000 0 eng d
037 _aTextual
040 _aDSWL
_beng
_cDSWL
041 _aeng
_2eng
084 _aY2-3:48(Q7), N72
_qDSWL
100 _aHardy, P.
_9834359
245 0 _aMuslims of British India
_c by P. Hardy
260 _aLondon
_bCambridge University Press
_c1972
300 _aix,306p.
365 _aINR
_b2 . 75
925 _g2 . 75
942 _cTEXL
_hY2-3:48(Q7), N72
999 _c1450311
_d1450311